| 000 | 00730nam a2200193Ia 4500 | ||
|---|---|---|---|
| 003 | GCL | ||
| 005 | 20240530104707.0 | ||
| 008 | 140319s9999 xx 000 0 ara d | ||
| 040 |
_aGCL / _cGCL |
||
| 082 | 0 | 4 |
_a233.1 _bم و |
| 100 | 1 | _aابى طاهر احمد بن محمد السلفى الاصبهانى | |
| 245 | 1 | 0 |
_aالوجيز فى ذكر المجاز والمجيز / _cابى طاهر احمد بن محمد السلفى الاصبهانى |
| 260 |
_a ( بيروت ] : _bدار الغرب الاسلامى ، _c1991 |
||
| 300 |
_a207 ص؛ _b24 سم |
||
| 650 | 0 | 4 | _aالسيرة النبوية |
| 650 | 0 | 4 | _aعلم رواية الحديث |
| 700 | 1 |
_aمحمد خيرالبقاعى _4محقق |
|
| 942 |
_2ddc _cBK |
||
| 999 |
_c49912 _d49912 |
||